000 00539nam a2200181Ia 4500
003 OSt
005 20250204123939.0
008 210210b1946 xxu||||| |||| 00| 0 eng d
040 _cAL
041 _akan
082 _a859/1147
100 _aBASAVARAJA KATTIMANI
_9146339
_dಬಸವರಾಜ ಕಟ್ಟೀಮನಿ.
245 _aSvatantryadedege:
_bಸ್ವಾತಂತ್ರ್ಯದೆಡೆಗೆ
260 _aBengaluru
_bSharada Prakatanalaya
_c1946
690 _aKannada Fiction
_9146340
906 _a021892
942 _2ddc
_cBK
999 _c145998
_d145998